Регионална библиотека "Любен Каравелов" - Русе

Момиченцето на татко (Запис номер 99784)

MARC детайли
000 -Лидер
Контролно поле с фиксирана дължина 01234nam a2200313 c 4500
003 - Код на организацията, давaща контролен номер
Контролно поле BLK
005 - Дата и час на последна редакция
Контролно поле 20230520030324.0
008 - Елементи от данни с фиксирана дължина
fixed length control field 180409b bul|||||r ||||||| ||bul||
010 ## - Наследен системен номер
LC control number KNG00104800000
020 ## - Международен стандартен номер на книга ISBN
Международен стандартен номер на книга ISBN 954-585-410-3
-- издат.: Бард
040 ## - Източник на каталожния запис
Идентификатор на билиотеката - собственик на записа BLK
041 ## - Код за език
Код за езика на текст/звукозапис или на отделно заглавие Български
Код за езика КДБФ Български
080 ## - УДК
Текстов определител УДК Американска литература (на САЩ)
УДК код - определител по УДК 821.111(73)
УДК определител -31
УДК - код + определител 821.111(73)-31
100 1# - Редна дума - Автор
Автор Кларк, Мери Хигинс
Авторска отговорност първи автор
R(LIN) 371250
139 ## - Редно поле
Редна дума Кларк, Мери Хигинс
Авторски знак Кла - К 63
245 10 - Сведения за заглавието
Заглавие Момиченцето на татко
Подзаглавни данни Роман
Редно поле (дума) Мери Хигинс Кларк; прев. от англ. Татяна Атанасова Виронова.
257 ## - Страна на издаване
Страна на създаване/издаване Съединени американски щати
260 ## - Област на издателските данни
-- София
Име на издателя, разпространителя и проч. Бард
Година на издаване 2002
Печатница Хасково : Полиграфюг
300 ## - Физическа характеристика
Страници 272 с.
Размери/Мащаб 20 см
380 ## - Жанр
Жанр Худож. лит.
500 ## - Общи забележки
Забележка Ориг. загл. Daddy's little girl / Mary Higgins Clarkл - Офс. изд.
653 ## - Ключова дума – ненормативна
Ключова дума романи
700 1# - Други автори (авторска отговорност)
Лично име Виронова, Татяна Атанасова
9 (RLIN) 363387
852 ## - Местоположение
Форматна сигнатура Цб 213677
856 4# - Електронен адрес и достъп
Електронен формат pdf - файл
Път до файла /url/
856 4# - Електронен адрес и достъп
Електронен формат pdf - файл
Път до файла /url/
942 ## - АРТИКУЛИ
Вид на библиотечния материал Книги
Скрит в OPAC Не
944 ## - СЪЗДАВАНЕ И РЕДАКЦИЯ на ЗАПИСА
Създаване/Редакция Създаване
Дата на регистрацията/редакция 01.01.2002
Служител, извършил регистрацията/редакцията Валя_Йорданова
944 ## - СЪЗДАВАНЕ И РЕДАКЦИЯ на ЗАПИСА
Създаване/Редакция Редакция
Дата на регистрацията/редакция 21.02.2011
Служител, извършил регистрацията/редакцията
999 ## - СИСТЕМНИ КОНТРОЛНИ НОМЕРА
Koha biblionumber 99784
Koha biblioitemnumber 99784
Наличности
Код за отписване Код за изгубен артикул Източник на класификационната схема Код за повреда Коз за рестрикции Код за отдаване Артикулен № Име на библиотеката - собственик Име на библиотеката, в която се намира в момента Статус (Текущо местоположение) Дата на вписване в системата Местоположение - отдел Цена в лева Инвентарен номер Систематично азбучна сигнатура Баркод Номер на екземпляра Цена в евро Служебна бележка Служебен тип на артикула
Изтеглен Не е изгубен Universal Decimal Classification Не е повреден без рестрикции заемане за дома 160751 Регионална библиотека "Любен Каравелов" Русе Регионална библиотека "Любен Каравелов" Русе Заемна - подръчен фонд 2003-01-17 Заемна - подръчен фонд 7.50 120000674207 П 820(73)-31/К 63 120000674207 1 3.83 Дост: Pk Вид: Ф N: 1 Дата: 17.01.2003 Книги
  Не е изгубен   Не е повреден без рестрикции ползва се в читалня 160752 Регионална библиотека "Любен Каравелов" Русе Регионална библиотека "Любен Каравелов" Русе Хранилище 2004-02-20 Хранилище 7.50 120000682949 Цб 213677 120000682949 2 3.83 Дост: Dp Вид: Д N: 14 Дата: 19.03.2003 Книги
Vip Innovations Ltd, Rousse, Bulgaria 2025